Mercado de capitales y portafolios de inversión / (Registro nro. 8258)
[ vista simple ]
| 000 -LEADER | |
|---|---|
| fixed length control field | 02531nam a2200253Ia 4500 |
| 003 - CONTROL NUMBER IDENTIFIER | |
| control field | OSt |
| 005 - DATE AND TIME OF LATEST TRANSACTION | |
| control field | 20210804151247.0 |
| 008 - FIXED-LENGTH DATA ELEMENTS--GENERAL INFORMATION | |
| fixed length control field | 210310s2012 ck ad fr 000 0dspa d |
| 020 ## - INTERNATIONAL STANDARD BOOK NUMBER | |
| International Standard Book Number | 9789588692456 |
| 040 ## - CATALOGING SOURCE | |
| Original cataloging agency | CO-JMCR |
| Transcribing agency | CO-JMCR |
| 041 0# - LANGUAGE CODE | |
| Language code of text/sound track or separate title | spa |
| 082 04 - DEWEY DECIMAL CLASSIFICATION NUMBER | |
| Classification number | 332.0415 / |
| Item number | A864m |
| Edition number | 23 |
| 100 1# - MAIN ENTRY--PERSONAL NAME | |
| Personal name | Atehortúa Granados, John Alexander, |
| 9 (RLIN) | 16771 |
| Relator term | autor |
| 245 10 - TITLE STATEMENT | |
| Title | Mercado de capitales y portafolios de inversión / |
| Statement of responsibility, etc. | John Alexander Atehortúa Granados |
| 250 ## - EDITION STATEMENT | |
| Edition statement | 1a edición |
| 260 ## - PUBLICATION, DISTRIBUTION, ETC. | |
| Place of publication, distribution, etc. | Medellín : |
| Name of publisher, distributor, etc. | Universidad de Medellín : |
| -- | Ediciones de la U, |
| Date of publication, distribution, etc. | 2012 |
| 300 ## - PHYSICAL DESCRIPTION | |
| Extent | 233 páginas : |
| Other physical details | ilustraciones y gráficas a blanco y negro ; |
| Dimensions | 24 cm. |
| 500 ## - GENERAL NOTE | |
| General note | Incluye glosario y datos biográficos del autor. |
| 504 ## - BIBLIOGRAPHY, ETC. NOTE | |
| Bibliography, etc. note | Bibliografía: página 227 |
| 505 0# - FORMATTED CONTENTS NOTE | |
| Formatted contents note | El sistema financiero -- Títulos de renta fija -- Títulos de renta variable -- Portafolios de inversión -- Derivados financieros -- Futuros |
| 520 3# - SUMMARY, ETC. | |
| Summary, etc. | El libro "mercado de capitales y portafolios de inversión" está concebido como un texto que permite al lector obtener unos conocimientos básicos sobre la dinámica del mercado de capitales colombiano, sobre la forma como se negocian algunos títulos valores y sobre nuevos instrumentos financieros creados para brindar cobertura a los diversos riesgos a los cuales se ven enfrentados los diferentes tipos de inversionistas.<br/>En cada capítulo el lector encontrará un cuadro sinóptico de las diferentes temáticas a tratar, las palabras clave con las cuales se aborda la temática de ese capítulo, ejercicios prácticos que ayudan a comprender la teoría expuesta y ejercicios propuestos para el desarrollo de competencias. Algunas de las temáticas, como es el caso de los portafolios de inversión, son abordadas de forma sencilla porque lo que se pretende es "introducir" al lector que no tiene experiencia en estos temas.<br/>También es importante señalar el uso que se hace en el libro, del Excel como herramienta para el cálculo de precios y rentabilidades, gracias a la versatilidad que este programa ofrece para resolver algunos de los casos más frecuentes en lo relacionado con el manejo de inversiones y de portafolios de inversión. Es por ello que se recomienda al lector habilitar las macros en su computadora para poder utilizar los archivos que aparecen en las siguientes páginas web: www.udem.edu.co y en www.edicionesdelau.com. (link libro mercado de capitales y portafolios de inversión). |
| 650 14 - SUBJECT ADDED ENTRY--TOPICAL TERM | |
| Topical term or geographic name entry element | Mercado de capitales |
| 9 (RLIN) | 16773 |
| General subdivision | Enseñanza |
| Geographic subdivision | Colombia |
| 942 ## - ADDED ENTRY ELEMENTS (KOHA) | |
| Source of classification or shelving scheme | Dewey Decimal Classification |
| Koha item type | Books |
| Withdrawn status | Lost status | Source of classification or shelving scheme | Damaged status | Not for loan | Collection code | Home library | Current library | Date acquired | Source of acquisition | Full call number | Barcode | Date last seen | Copy number | Koha item type | Total Checkouts | Price effective from |
|---|---|---|---|---|---|---|---|---|---|---|---|---|---|---|---|---|
| Dewey Decimal Classification | Non-fiction | Biblioteca Pública José María del Castillo y Rada | Biblioteca Pública José María del Castillo y Rada | 04/15/2018 | Donación | 332.0415 / A864m | 430002820 | 05/16/2024 | Ej.1 | Books | ||||||
| Dewey Decimal Classification | Non-fiction | Biblioteca Pública José María del Castillo y Rada | Biblioteca Pública José María del Castillo y Rada | 04/15/2018 | Donación | 332.0415 / A864m | 430001491 | 05/16/2024 | Ej.2 | Books | 08/04/2021 |